Religiones del mundo: cultos y creencias del hombre
-д хадгалсан:
| Үндсэн зохиолч: | |
|---|---|
| Формат: | Ном |
| Хэл сонгох: | испани |
| Хэвлэсэн: |
Madrid
Libsa
2003
|
| Нөхцлүүд: | |
| Шошгууд: |
Шошго нэмэх
Шошго байхгүй, Энэхүү баримтыг шошголох эхний хүн болох!
|
MARC
| LEADER | 00000nam a2200000 a 4500 | ||
|---|---|---|---|
| 001 | UCL6339 | ||
| 003 | CL-VaPUC | ||
| 008 | 040402e20030000SP |||||||||||||||||spa|d | ||
| 020 | |a 8466206507 | ||
| 082 | 0 | 4 | |a 200.9 |b MOR |2 21 |
| 100 | |a Morales de Castro, Jorge |e autor |9 483989 | ||
| 245 | 1 | 0 | |a Religiones del mundo: cultos y creencias del hombre |
| 300 | |a 439 p | ||
| 942 | |c BK | ||
| 945 | |d 20040402 00:00:00 |a cmena | ||
| 260 | |a Madrid |b Libsa |c 2003 | ||
| 650 | 0 | |a Creencia Religiosa |9 316904 | |
| 650 | 0 | |a Judaísmo |9 269348 | |
| 650 | 0 | |a Cristianismo |9 257361 | |
| 650 | 0 | |a Islamismo |9 314084 | |
| 650 | 0 | |a Hinduismo |9 265212 | |
| 650 | 7 | |a BUDISMO |2 CL-VaPUC |9 483990 | |
| 650 | 7 | |a JAINISMO |2 CL-VaPUC |9 350330 | |
| 650 | 7 | |a TAOISMO |2 CL-VaPUC |9 323460 | |
| 650 | 7 | |a CONFUCIONISMO |2 CL-VaPUC |9 265850 | |
| 650 | 7 | |a SHINTOISMO |2 CL-VaPUC |9 470491 | |
| 650 | 7 | |a SIKHISMO |2 CL-VaPUC |9 324006 | |
| 583 | |a last modification |c 20040402 00:00:00 |k Rodrigo Vera | ||
| 999 | |c 308452 |d 308450 | ||
| 952 | |0 0 |1 0 |4 0 |6 200_900000000000000_MOR_2003 |7 0 |8 A |9 374981 |a BIBHIS |b BIBHIS |d 2019-11-21 |i 3988171 |o 200.9 MOR 2003 |p 3988171 |r 2025-01-20 |w 2019-11-21 |y BK |k HIS | ||